000 00368 a2200169 4500
001 68879
020 _a8528101967
040 _cAnchieta - Itaigara
100 _aMachado, Ana Maria
240 1 0 _aSurpresa na sombra
_lpor
245 1 0 _aSurpresa na sombra
300 _a23
362 0 _a1988
440 1 _aSalamandra
650 4 _aLiteratura infantil
942 _cBK
999 _c68879
_d68879